Statistiche per Riconosci lo Stato - Quiz n°26

Clicka qui per fare il quiz!

Statistiche generali

  • Questo quiz è stato fatto 13 volte
  • Il punteggio medio è 11 su 13

Statistiche sulle risposte

IndizioRisposta% Corretto
ValutaNgultrum / Rupia
100%
Iniziale della CapitaleT
100%
Superficie46.500 km²
85%
Popolazione771.612 ab.
85%
Presidente della RepubblicaJigme Khesar Namgyel Wangchuck
85%
Primo ministroTshering Tobgay
85%
Fuso OrarioUTC+6
85%
ISU0.654
77%
Tasso di crescita1,11%
77%
Indipendenza1947
77%
PIL (nominale)2 409 milioni di $
69%
RispostaBhutan
69%
Forma di GovernoMonarchia costituzionale
69%

Distribuzione punteggi

Percentile per numero di risposta

Percentuale di utenti per punteggio

I tuoi punteggi nel tempo

Non hai fatto questo quiz